000 00533nam a2200205Ia 4500
005 20260429112133.0
008 260429s9999||||xx |||||||||||||| ||und||
020 _a9789391985752
041 _aEnglish
082 _a294.363
_bNAR
100 _aNarain, A. K.
245 0 _aDate of the historical Sakyamuni Buddha /
_cA. K. Narain
250 _a1st ed.
260 _aNew Delhi :
_bBuddhist World Press,
_c2024.
300 _aviii, 224 p.; hb
650 _a History
650 _a Sakyamuni
650 _aBuddha
942 _cTB
999 _c52538
_d52538